[Event "1er Tournoi Chess In Lyon a normes de Maitre International"]
[Site "Lyon Olympique Echecs 5 Place du Marché 69009 LYON (FRANCE)"]
[Date "2019.04.25"]
[Round "5.5"]
[White "Buscara, Sevan"]
[Black "Menard, Baptiste"]
[Result "0-1"]
[BlackElo "2219"]
[EventDate "2019.04.22"]
[PlyCount "0"]
[WhiteElo "2426"]

1. e4 g6 2. d4 d6 3. Nc3 a6 4. Nf3 Bg7 5. Be2 b5 6. O-O Bb7 7. Re1 Nf6 8. e5
dxe5 9. Nxe5 O-O 10. Bf3 Qc8 11. a4 b4 12. Na2 Rd8 13. Nxb4 c5 14. Nbd3 cxd4
15. Bg5 Ra7 16. a5 Nd5 17. Ra4 f6 18. Bg4 Qc7 19. Be6+ Kf8 20. Rc4 Qxa5 21. Rc5
Qa4 22. b3 Qe8 23. Bf7 Qxf7 24. Nxf7 Kxf7 25. Bd2 e5 26. Qf3 Kg8 27. Qh3 Re8
28. Bh6 Bc6 29. Bxg7 Kxg7 30. Qf3 Ne7 31. Qd1 Nd7 32. Ra5 Bb5 33. Nb4 Nb8 34.
Ra1 Nbc6 35. Qd2 Nxb4 36. Qxb4 Rc7 37. Qd2 Rec8 38. Rac1 g5 39. h4 h6 40. g3
Rc3 41. Re4 Ng6 42. h5 Ne7 43. Kh2 Kf7 44. Ree1 Nd5 45. Qd1 R8c7 46. Qg4 d3 47.
Qe4 Ke6 48. Qg4+ Kd6 49. Rcd1 Rxc2 50. Qf5 R7c3 51. Kg1 d2 52. Re3 Rc1 53. Rxc3
Rxd1+ 54. Kg2 Nxc3 55. Qxf6+ Kc5 56. Qf8+ Kd4 57. Qxh6 Kd3 58. Qg6+ e4 59. Qd6+
Kc2  0-1

[Event "1er Tournoi Chess In Lyon a normes de Maitre International"]
[Site "Lyon Olympique Echecs 5 Place du Marché 69009 LYON (FRANCE)"]
[Date "2019.04.26"]
[Round "6.1"]
[White "Brailly-Vignal, Bastien"]
[Black "Menard, Baptiste"]
[Result "0-1"]
[BlackElo "2219"]
[EventDate "2019.04.22"]
[PlyCount "0"]
[WhiteElo "2349"]

1. d4 d6 2. Nf3 g6 3. g3 Bg7 4. c4 Nc6 5. Nc3 Nf6 6. Bg2 O-O 7. O-O a6 8. h3 Rb8
9. e4 Nd7 10. Be3 b5 11. cxb5 axb5 12. Rc1 Na5 13. b3 b4 14. Nb1 Ba6 15. Re1
Rc8 16. Bf1 Bxf1 17. Kxf1 c5 18. Qe2 Qc7 19. Nbd2 Qb7 20. dxc5 dxc5 21. Rc2 Qc6
22. Rec1 Nb7 23. Ne1 Qe6 24. Kg2 Bc3 25. Nd3 Qa6 26. Nf4 Qxe2 27. Nxe2 Bxd2 28.
Rxd2 Rc7 29. Bf4 e5 30. Bh6 Rfc8 31. Ng1 f6 32. f4 Kf7 33. Nf3 Ke6 34. Rcd1 Ra8
35. h4 Ra6 36. fxe5 Nxe5 37. Bf4 Nxf3 38. Kxf3 Rf7 39. h5 g5 40. Be3 Rc7 41.
Rc2 Rd6 42. Rxd6+ Kxd6 43. Bc1 Na5 44. Rd2+ Ke6 45. Rd5 Nb7 46. Bb2 Nd6 47. g4
Ra7 48. Rxc5 Rxa2 49. Bxf6 Ra3 50. Bxg5 Rxb3+ 51. Kf4 Rb1 52. Re5+ Kd7 53. Re7+
Kc6 54. Bf6 Rf1+ 55. Kg5 Rxf6 56. Kxf6 b3 57. Re6 b2 58. e5 b1=Q 59. Rxd6+ Kc7
60. Kg7 Qe4 61. Rh6 Qxg4+ 62. Kxh7 Qg5 63. e6 Kd8 64. Rg6 Qxh5+ 65. Kg7 Ke7 66.
Rh6 Qf5 67. Rg6 Qe5+ 68. Kh7 Qd4 69. Kg8 Ke8 70. Kh7 Qe4 71. Kg7 Qf5 72. Rh6
Qg5+ 73. Rg6 Qe7+ 74. Kh8 Qh4+ 75. Kg7 Qd8 76. Kh7 Ke7 77. Kg7 Qb8 78. Kh7 Qf8
79. Rh6 Qf2 80. Kg8 Qf8+ 81. Kh7 Kd6 82. Rg6 Ke5 83. Rh6 Kf5 84. Rg6 Qe8 85.
Rg7 Kxe6 86. Rg8 Qh5+ 87. Kg7 Ke7 88. Ra8 Qf7+  0-1

[Event "1er Tournoi Chess In Lyon a normes de Maitre International"]
[Site "Lyon Olympique Echecs 5 Place du Marché 69009 LYON (FRANCE)"]
[Date "2019.04.26"]
[Round "6.2"]
[White "Travadon, Loic"]
[Black "Buscara, Sevan"]
[Result "0-1"]
[BlackElo "2426"]
[EventDate "2019.04.22"]
[PlyCount "0"]
[WhiteElo "2456"]

1. e4 c5 2. Nf3 Nc6 3. Nc3 e5 4. Bc4 Be7 5. d3 d6 6. Nd5 Nf6 7. Nxe7 Qxe7 8. c3
h6 9. h3 Be6 10. Bb5 O-O 11. g4 Ne8 12. Rg1 g5 13. Be3 Nc7 14. Bxc6 bxc6 15.
Kf1 f6 16. Kg2 Rab8 17. Qc2 d5 18. b4 cxb4 19. cxb4 d4 20. Bd2 Rfc8 21. Rgc1
Na6 22. a3 Qd7 23. Qa4 Rb6 24. Ne1 c5 25. Qa5 c4 26. dxc4 Bxc4 27. f3 Nb8 28.
b5 Rxb5 29. Qa4 Rb2 30. Rxc4 Rxd2+ 31. Kg3 Qxa4 32. Rxa4 Rc7 33. Rb1 Nd7 34.
Rab4 Nf8 35. Rb8 Re2 36. Ra8 Kf7 37. Rbb8 Ng6  0-1

[Event "1er Tournoi Chess In Lyon a normes de Maitre International"]
[Site "Lyon Olympique Echecs 5 Place du Marché 69009 LYON (FRANCE)"]
[Date "2019.04.26"]
[Round "6.3"]
[White "Rouler, Charly"]
[Black "Kukov, Velislav"]
[Result "1/2-1/2"]
[BlackElo "2351"]
[EventDate "2019.04.22"]
[PlyCount "0"]
[WhiteElo "2374"]

1. d4 d5 2. c4 c6 3. Nf3 Nf6 4. e3 Bf5 5. Nc3 e6 6. Bd3 Bxd3 7. Qxd3 Nbd7 8. O-O
Be7 9. e4 dxe4 10. Nxe4 Nxe4 11. Qxe4 O-O 12. b3 Qa5 13. Bb2 Ba3 14. Bxa3 Qxa3
15. Rfd1  1/2-1/2

[Event "1er Tournoi Chess In Lyon a normes de Maitre International"]
[Site "Lyon Olympique Echecs 5 Place du Marché 69009 LYON (FRANCE)"]
[Date "2019.04.26"]
[Round "6.4"]
[White "Arzumanyan, Hovhannes"]
[Black "Hejazipour, Mitra"]
[Result "0-1"]
[BlackElo "2255"]
[EventDate "2019.04.22"]
[PlyCount "0"]
[WhiteElo "2252"]

1. e4 c5 2. Nf3 d6 3. d4 cxd4 4. Nxd4 Nf6 5. Nc3 a6 6. Be2 e5 7. Nb3 Be7 8. O-O
O-O 9. a4 Nc6 10. Be3 Be6 11. f4 exf4 12. Rxf4 Ne5 13. Nd4 Re8 14. Nxe6 fxe6 {
Illisible.}   0-1

[Event "1er Tournoi Chess In Lyon a normes de Maitre International"]
[Site "Lyon Olympique Echecs 5 Place du Marché 69009 LYON (FRANCE)"]
[Date "2019.04.26"]
[Round "6.5"]
[White "Sabuk, Piotr"]
[Black "Tahay, Alexis"]
[Result "1/2-1/2"]
[BlackElo "2342"]
[EventDate "2019.04.22"]
[PlyCount "0"]
[WhiteElo "2374"]

1. e4 c5 2. Nf3 d6 3. d4 cxd4 4. Nxd4 Nf6 5. Nc3 a6 6. g3 g6 7. Bg2 Bg7 8. O-O
O-O 9. Re1 Nc6 10. Nde2 Rb8 11. Nd5 Nd7 12. Rb1 b5 13. Bg5 Re8 14. Qd2 Nde5 15.
c3 Bg4 16. Nd4 Rc8  1/2-1/2

[Event "1er Tournoi Chess In Lyon a normes de Maitre International"]
[Site "Lyon Olympique Echecs 5 Place du Marché 69009 LYON (FRANCE)"]
[Date "2019.04.26"]
[Round "7.1"]
[White "Tahay, Alexis"]
[Black "Brailly-Vignal, Bastien"]
[Result "1/2"]
[BlackElo "2349"]
[EventDate "2019.04.22"]
[PlyCount "0"]
[WhiteElo "2342"]

1. e4 e5 2. Nf3 Nc6 3. Bb5 f5 4. Nc3 fxe4 5. Nxe4 Nf6 6. Nxf6+ Qxf6 7. O-O Nd4
8. Nxd4 exd4 9. Re1+ Be7 10. Qh5+ g6 11. Qe5 Qxe5 12. Rxe5 c6 13. Bf1 Kf7 14.
d3 d5 15. Re2 Bd6 16. Bg5 Bd7 17. Rae1  1/2

[Event "1er Tournoi Chess In Lyon a normes de Maitre International"]
[Site "Lyon Olympique Echecs 5 Place du Marché 69009 LYON (FRANCE)"]
[Date "2019.04.26"]
[Round "7.2"]
[White "Hejazipour, Mitra"]
[Black "Sabuk, Piotr"]
[Result "0-1"]
[BlackElo "2374"]
[EventDate "2019.04.22"]
[PlyCount "0"]
[WhiteElo "2255"]

1. d4 Nf6 2. c4 e6 3. Nf3 b6 4. g3 Ba6 5. Qa4 Bb7 6. Bg2 c5 7. O-O Be7 8. Rd1
O-O 9. Bf4 cxd4 10. Nxd4 Bxg2 11. Kxg2 Qc8 12. Nc3 Qb7+ 13. f3 a6 14. e4 d6 15.
Nde2 Rd8 16. Rd2 Ne8 17. Be3 Nd7 18. Nf4 Rdc8 19. Nd3 Rc7 20. Rc1 Rac8 21. Ne2
Nef6 22. Kf2 b5 23. cxb5 Rxc1 24. Nexc1 axb5 25. Qd1 Qc7 26. Kg2 d5 27. exd5
Nxd5 28. Bf2 N7b6 29. Nb3 Nc4 30. Re2 Bg5 31. f4 Qb7 32. Kg1 Bf6 33. Nbc5 Qc6
34. Ne4 Be7 35. Nd2 Nxb2 36. Nxb2 Nc3 37. Qe1 Nxe2+ 38. Qxe2 Qc1+ 39. Nf1 Rc2
40. Nd3 Rxe2 41. Nxc1 Rc2 42. Be3 h5 43. Nb3 Rxa2 44. Nfd2 Kh7 45. Kf1 Kg6 46.
Ke2 Bf6 47. Kd3 Kf5 48. h3 e5 49. fxe5 Bxe5 50. Bf2 g5 51. Be1 g4 52. h4 Ke6
53. Nd4+ Bxd4 54. Kxd4 f5 55. Ke3 Ra4 56. Nf1 Ra3+ 57. Ke2 Kd5 58. Bd2 Ke4 59.
Bf4 b4 60. Bh6 Ra6 61. Nd2+ Kd5 62. Be3 Ra3 63. Nb1 Ra2+ 64. Kd3 Ra1 65. Nd2
Ra3+ 66. Ke2 b3 67. Bf4 b2 68. Kd1 Rc3 69. Nb1 Rc6 70. Na3 Ke4  0-1

[Event "1er Tournoi Chess In Lyon a normes de Maitre International"]
[Site "Lyon Olympique Echecs 5 Place du Marché 69009 LYON (FRANCE)"]
[Date "2019.04.26"]
[Round "7.3"]
[White "Kukov, Velislav"]
[Black "Arzumanyan, Hovhannes"]
[Result "1/2"]
[BlackElo "2252"]
[EventDate "2019.04.22"]
[PlyCount "0"]
[WhiteElo "2351"]

1. d4 d5 2. Bf4 Nf6 3. e3 c5 4. c3 Nc6 5. Nd2 e6 6. Ngf3 Bd6 7. Bg3 O-O 8. Bd3
Re8 9. Ne5 Bxe5 10. dxe5 Nd7 11. f4 c4 12. Bc2 Qb6 13. e4 Qxb2 14. O-O Qxc3 15.
exd5 exd5 16. Nf3 Nf8 17. Rc1 Qe3+ 18. Kh1 Nb4 19. Re1 Qa3 20. Nd4 Bd7 21. f5
Nxc2 22. Qxc2 Rac8 23. Qf2  1/2

[Event "1er Tournoi Chess In Lyon a normes de Maitre International"]
[Site "Lyon Olympique Echecs 5 Place du Marché 69009 LYON (FRANCE)"]
[Date "2019.04.26"]
[Round "7.4"]
[White "Buscara, Sevan"]
[Black "Rouler, Charly"]
[Result "1-0"]
[BlackElo "2374"]
[EventDate "2019.04.22"]
[PlyCount "0"]
[WhiteElo "2426"]

1. e4 c5 2. Nf3 e6 3. d4 cxd4 4. Nxd4 a6 5. Bd3 Nf6 6. O-O d6 7. c4 Be7 8. Nc3
O-O 9. Qe2 Nbd7 10. a4 Qc7 11. a5 Ne5 12. Bg5 Bd7 13. Rfc1 Rac8 14. b3 h6 15.
Bh4 Qc5 16. Nc2 Nxd3 17. Qxd3 Rfd8 18. Ne3 Bc6 19. Qd1 g5 20. Ncd5 exd5 21.
cxd5 Qb5 22. Nf5 Bf8 23. Nd4 Qb4 24. Rc4 Qxc4 25. bxc4 Bd7 26. Bg3 Nxe4 27. Qd3
Nxg3 28. hxg3 Bg7 29. Rc1 Re8 30. Nf5 Bxf5 31. Qxf5 Rc7 32. f4 gxf4 33. gxf4
Re2 34. c5  1-0

[Event "1er Tournoi Chess In Lyon a normes de Maitre International"]
[Site "Lyon Olympique Echecs 5 Place du Marché 69009 LYON (FRANCE)"]
[Date "2019.04.26"]
[Round "7.5"]
[White "Menard, Baptiste"]
[Black "Travadon, Loic"]
[Result "0-1"]
[BlackElo "2456"]
[EventDate "2019.04.22"]
[PlyCount "0"]
[WhiteElo "2219"]

1. e4 e5 2. Nf3 d6 3. d4 exd4 4. Nxd4 Nf6 5. Nc3 Be7 6. g3 d5 7. exd5 Nxd5 8.
Bg2 Nxc3 9. bxc3 O-O 10. O-O c6 11. Qf3 Na6 12. Re1 Bd6 13. Bf4 Bxf4 14. Qxf4
Qa5 15. Re3 Bd7 16. Rae1 Qxa2 17. Qd6 Be6 18. Be4 Rad8 19. Qe7 Bc8 20. Bxc6 g6
21. Bb5 Qa5 22. Bc4 Rd7 23. Qf6 Nc7 24. Re7 Nd5 25. Bxd5 Rxe7 26. Rxe7 Qxd5 27.
h4 Bh3 28. f3 Qc4 29. Re2 h5 30. Kh2 Bc8 31. g4 Qc7+ 32. Kg2 hxg4 33. h5 gxf3+
34. Kxf3 Qd7 35. Rh2 Qd8 36. Qf4 Qd5+ 37. Kf2 g5 38. Qf6 Qd8 39. Qh6 Qe7 40.
Rg2 f6 41. Qg6+ Qg7 42. Qe4 Qh7 43. Qd5+ Qf7 44. Qd6 Qxh5 45. Rh2 Qf7 46. Rh1
Re8 47. Qh2 Qg7 48. Nb5 Bg4 49. Kf1 Be2+  0-1

[Event "1er Tournoi Chess In Lyon a normes de Maitre International"]
[Site "Lyon Olympique Echecs 5 Place du Marché 69009 LYON (FRANCE)"]
[Date "2019.04.27"]
[Round "8.1"]
[White "Brailly-Vignal, Bastien"]
[Black "Travadon, Loic"]
[Result "1-0"]
[BlackElo "2456"]
[EventDate "2019.04.22"]
[PlyCount "0"]
[WhiteElo "2349"]

1. d4 Nf6 2. c4 e6 3. Nc3 Bb4 4. Qc2 d5 5. cxd5 exd5 6. Bg5 h6 7. Bh4 c5 8. dxc5
Be6 9. e3 O-O 10. Nf3 Nbd7 11. Be2 Rc8 12. a3 Bxc3+ 13. Qxc3 g5 14. Bg3 Ne4 15.
Qd4 Ndxc5 16. Qd1 Qf6 17. Nd4 Bd7 18. O-O Ba4 19. Qe1 Ne6 20. Qb4 Nxd4 21. exd4
Bc6 22. Be5 Qg6 23. h3 f6 24. Bh2 f5 25. f3 Nf6 26. Bd3 Nh5 27. Qd2 Qf7 28. Be5
f4 29. Rac1 Ng3 30. Rc5 b6 31. Rc3 Bd7 32. Rxc8 Rxc8 33. Ba6 Rf8 34. Rc1 g4 35.
fxg4 Ne4 36. Qe2 h5 37. gxh5 Qh7 38. Bd3 Qh6 39. Rc7 Rf7 40. Rxd7  1-0

[Event "1er Tournoi Chess In Lyon a normes de Maitre International"]
[Site "Lyon Olympique Echecs 5 Place du Marché 69009 LYON (FRANCE)"]
[Date "2019.04.27"]
[Round "8.2"]
[White "Rouler, Charly"]
[Black "Menard, Baptiste"]
[Result "1-0"]
[BlackElo "2219"]
[EventDate "2019.04.22"]
[PlyCount "0"]
[WhiteElo "2374"]

1. d4 d6 2. Nf3 g6 3. g3 Bg7 4. Bg2 Nc6 5. O-O e5 6. d5 Nce7 7. c4 f5 8. Nc3 Nf6
9. e4 O-O 10. Ng5 c6 11. Qb3 fxe4 12. Ncxe4 Nf5 13. Nxf6+ Bxf6 14. dxc6 bxc6
15. Bxc6 Nd4 16. Bd5+ Kg7 17. Qd1 Bxg5 18. Bxa8 h5 19. Bg2 Bg4 20. f3 Be6 21.
Bxg5 Qxg5 22. f4 Qf6 23. fxe5 Qxe5 24. Rxf8 Kxf8 25. Qf1+ Kg7 26. Re1 Qc5 27.
Kh1  1-0

[Event "1er Tournoi Chess In Lyon a normes de Maitre International"]
[Site "Lyon Olympique Echecs 5 Place du Marché 69009 LYON (FRANCE)"]
[Date "2019.04.27"]
[Round "8.3"]
[White "Arzumanyan, Hovhannes"]
[Black "Buscara, Sevan"]
[Result "1/2-1/2"]
[BlackElo "2426"]
[EventDate "2019.04.22"]
[PlyCount "0"]
[WhiteElo "2252"]

1. e4 c5 2. Nf3 Nc6 3. d4 cxd4 4. Nxd4 e5 5. Nb5 d6 6. N1c3 a6 7. Na3 Be7 8. Nd5
Nf6 9. Nxf6+ Bxf6 10. Nc4 O-O 11. Qxd6 Qxd6 12. Nxd6 Nd4 13. Bd3 Rd8 14. Nxc8
Raxc8 15. Bd2 Nxc2+ 16. Bxc2 Rxc2 17. Bc3 Be7 18. O-O Bc5 19. Bxe5 Rdd2 20.
Rad1 Bxf2+ 21. Kh1 f6 22. Rxd2 Rxd2 23. Bc3 Re2 24. g3 Bc5 25. Re1 Rxe1+ 26.
Bxe1 Bd4 27. b3 Kf7 28. Kg2 Ke6 29. Kf3 Kd6 30. Ke2 Kc5 31. Kd3 Be5 32. h3 b5
33. g4  1/2-1/2

[Event "1er Tournoi Chess In Lyon a normes de Maitre International"]
[Site "Lyon Olympique Echecs 5 Place du Marché 69009 LYON (FRANCE)"]
[Date "2019.04.27"]
[Round "8.4"]
[White "Sabuk, Piotr"]
[Black "Kukov, Velislav"]
[Result "0-1"]
[BlackElo "2351"]
[EventDate "2019.04.22"]
[PlyCount "0"]
[WhiteElo "2374"]

1. d4 d5 2. c4 c6 3. Nf3 Nf6 4. g3 Bf5 5. Nc3 e6 6. Qb3 Qc8 7. Nh4 Bg6 8. Bg2
Nbd7 9. Nxg6 hxg6 10. Bf4 Nb6 11. cxd5 Nbxd5 12. Bd2 Qd7 13. Qd1 b5 14. O-O a5
15. a4 b4 16. Na2 Rc8 17. Nc1 Qa7 18. e4 Nb6 19. Nd3 Be7 20. h3 Nfd7 21. Be3 c5
22. dxc5 Nxc5 23. Bxc5 Bxc5 24. Rc1 Bd4 25. Rxc8+ Nxc8 26. Qg4 O-O 27. e5 Ne7
28. Qe2 Nf5 29. Kh2 Qd7 30. g4 Ne7 31. Qe4 Bb6 32. b3 { Illisible.}   0-1

[Event "1er Tournoi Chess In Lyon a normes de Maitre International"]
[Site "Lyon Olympique Echecs 5 Place du Marché 69009 LYON (FRANCE)"]
[Date "2019.04.27"]
[Round "8.5"]
[White "Tahay, Alexis"]
[Black "Hejazipour, Mitra"]
[Result "1/2"]
[BlackElo "2255"]
[EventDate "2019.04.22"]
[PlyCount "0"]
[WhiteElo "2342"]

1. e4 e5 2. Nf3 Nc6 3. Bb5 a6 4. Ba4 Nf6 5. O-O b5 6. Bb3 Bc5 7. a4 Rb8 8. c3 d6
9. d4 Bb6 10. axb5 axb5 11. Qd3 O-O 12. h3 h6 13. Be3 Bd7 14. Nbd2 Re8 15. Rfe1
Nh5 16. dxe5 Nxe5 17. Nxe5 dxe5 18. Nf3 Bxe3 19. fxe3 Bc6 20. Qxd8 Rbxd8 21.
Red1 Rx